<?xml version="1.0" encoding="UTF-8"?>
<record
    xmlns:xsi="http://www.w3.org/2001/XMLSchema-instance"
    xsi:schemaLocation="http://www.loc.gov/MARC21/slim http://www.loc.gov/standards/marcxml/schema/MARC21slim.xsd"
    xmlns="http://www.loc.gov/MARC21/slim">

  <leader>01629naa a22003617a 4500</leader>
  <controlfield tag="001">BR9403706</controlfield>
  <controlfield tag="003">BR-BrBNA</controlfield>
  <controlfield tag="005">20240918181218.0</controlfield>
  <controlfield tag="007">ta</controlfield>
  <controlfield tag="008">230509b bl.||||| |||| 00| 0 por d</controlfield>
  <datafield tag="040" ind1=" " ind2=" ">
    <subfield code="a">BR-BrBNA</subfield>
    <subfield code="b">por</subfield>
    <subfield code="c">Biblioteca Nacional de Agricultura</subfield>
  </datafield>
  <datafield tag="041" ind1=" " ind2=" ">
    <subfield code="a">(Pt)</subfield>
  </datafield>
  <datafield tag="072" ind1=" " ind2=" ">
    <subfield code="a">F30</subfield>
    <subfield code="b">0230</subfield>
  </datafield>
  <datafield tag="090" ind1=" " ind2=" ">
    <subfield code="a">F30 BR9403706</subfield>
  </datafield>
  <datafield tag="100" ind1="1" ind2=" ">
    <subfield code="a">Bassinello, A.I.</subfield>
  </datafield>
  <datafield tag="100" ind1="1" ind2=" ">
    <subfield code="a">Oliveira, F.F.S.</subfield>
  </datafield>
  <datafield tag="100" ind1="1" ind2=" ">
    <subfield code="a">Matsuoka, S.</subfield>
  </datafield>
  <datafield tag="100" ind1="1" ind2=" ">
    <subfield code="a">Ferrari, S.E.</subfield>
  </datafield>
  <datafield tag="100" ind1="1" ind2=" ">
    <subfield code="a">Lopes, J.J.C.</subfield>
  </datafield>
  <datafield tag="100" ind1="1" ind2=" ">
    <subfield code="a">Oliveira, E.R.</subfield>
  </datafield>
  <datafield tag="111" ind1="1" ind2=" ">
    <subfield code="a">2. Congresso Nacional da Sociedade de Tecnicos Acucareiros do Brasil1. Simposio Latino-Americano sobre Modalidades de Financiamento a Producao de Energia Renovavel</subfield>
    <subfield code="c">Rio de Janeiro, RJ (Brazil)</subfield>
    <subfield code="d">16-21 Aug 1981</subfield>
  </datafield>
  <datafield tag="245" ind1="1" ind2=" ">
    <subfield code="a">Estudos preliminares sobre ciclos de exploracao de variedades de cana-de-acucar no Brasil Central</subfield>
  </datafield>
  <datafield tag="260" ind1="3" ind2=" ">
    <subfield code="a">Rio de Janeiro, RJ (Brasil): </subfield>
    <subfield code="c">1981. </subfield>
  </datafield>
  <datafield tag="500" ind1=" " ind2=" ">
    <subfield code="a">Anais do 2. Congresso Nacional de Tecnicos Acucareiros do Brasil e 1. Simposio Latino-Americano sobre Modalidades de Financiamento a Producao de Energia Renovavel
Rio de Janeiro, RJ (Brasil): 1981. v. 2 p. 170-184
(BR9403706-AM)F30
</subfield>
  </datafield>
  <datafield tag="650" ind1=" " ind2=" ">
    <subfield code="a">Cana de Acucar</subfield>
  </datafield>
  <datafield tag="650" ind1=" " ind2=" ">
    <subfield code="a">Variedade</subfield>
  </datafield>
  <datafield tag="650" ind1=" " ind2=" ">
    <subfield code="a">Aclimatacao</subfield>
  </datafield>
  <datafield tag="650" ind1=" " ind2=" ">
    <subfield code="a">Implantacao de Cultura</subfield>
  </datafield>
  <datafield tag="650" ind1=" " ind2=" ">
    <subfield code="a">Cerrado</subfield>
  </datafield>
  <datafield tag="773" ind1="0" ind2=" ">
    <subfield code="t">Anais do 2. Congresso Nacional de Tecnicos Acucareiros do Brasil e 1. Simposio Latino-Americano sobre Modalidades de Financiamento a Producao de Energia Renovavel</subfield>
    <subfield code="w">F30 BR9403706</subfield>
    <subfield code="g">Rio de Janeiro, RJ (Brasil), 1981. v. 2 p. 170-184</subfield>
  </datafield>
  <datafield tag="909" ind1=" " ind2=" ">
    <subfield code="a">202404</subfield>
    <subfield code="b">Lucia</subfield>
    <subfield code="c">55</subfield>
    <subfield code="d">Lucia Elande</subfield>
  </datafield>
  <datafield tag="942" ind1=" " ind2=" ">
    <subfield code="c">AM</subfield>
    <subfield code="2">AGRIS</subfield>
  </datafield>
  <datafield tag="999" ind1=" " ind2=" ">
    <subfield code="c">324132</subfield>
    <subfield code="d">324132</subfield>
  </datafield>
  <datafield tag="952" ind1=" " ind2=" ">
    <subfield code="0">0</subfield>
    <subfield code="2">AGRIS</subfield>
    <subfield code="4">0</subfield>
    <subfield code="7">0</subfield>
    <subfield code="8">Acervo Geral</subfield>
    <subfield code="a">41918</subfield>
    <subfield code="b">41918</subfield>
    <subfield code="c">Agrobase</subfield>
    <subfield code="l">0</subfield>
    <subfield code="o">0230 BR9403416</subfield>
    <subfield code="r">2024-05-20</subfield>
    <subfield code="t">01</subfield>
    <subfield code="y">AM</subfield>
    <subfield code="1">0</subfield>
    <subfield code="d">2024-04-11</subfield>
    <subfield code="e">Portaria Interministerial n&#xBA; 164/94</subfield>
  </datafield>
</record>
